| 000 | 00692 a2200217 4500 | ||
|---|---|---|---|
| 020 | _a0471384321 | ||
| 040 |
_aDLC _bDLC |
||
| 082 | _a621.38133 | ||
| 100 | 1 | _aHartnagel, Hans, | |
| 245 | 1 | 0 |
_aMicrowave noise in semiconductor devices _cHans Ludwig Hartnagel, Ramåµ®as Katilius, Arvydas Matulionis. |
| 260 |
_aNew York : _bJohn Wiley, _cc2001. |
||
| 300 |
_axviii, 293 p. : _bill. ; _c25 cm. |
||
| 500 | _a"A Wiley-Interscience Publication." | ||
| 650 | 0 | _aElectronic circuits | |
| 650 | 0 | _aSolid state electronics. | |
| 650 | 0 | _aSemiconductors. | |
| 650 | 0 | _aMicrowave circuits. | |
| 700 | 1 | _aKatilius, Ramunas. | |
| 700 | 1 |
_aMatulionis, A. _d1946- |
|
| 942 |
_cBK _k621.38133 HAR _2ddc |
||
| 999 |
_c8060 _d8060 |
||